| 000 | 01507nam a2200361 i 4500 | ||
|---|---|---|---|
| 001 | 000046667 | ||
| 003 | DO-SdBNP | ||
| 005 | 20240305131438.0 | ||
| 007 | ta | ||
| 008 | 140714s2014 dr a 000 0 spa d | ||
| 020 | _a9789945468175 | ||
| 040 |
_aDO-SdBNP _bspa _cBNPHU _erda |
||
| 082 | 4 |
_a920.72 _bS211c, 2014 _222 |
|
| 100 | 1 |
_aCassá, Roberto, _d1948- _eautor _910888 |
|
| 245 | 1 | 0 |
_aMaría Trinidad Sánchez : _bla heroína de febrero / _cRoberto Cassá ; ilustraciones, José Mercader. |
| 250 | _a3a edición | ||
| 264 |
_aSanto Domingo : _bTobogan, _c2014. |
||
| 300 |
_a50 páginas : _bilustraciones ; _c24 cm. |
||
| 336 |
_2rdacontent _atexto _btxt |
||
| 337 |
_2rdamedia _asin mediación _bn |
||
| 338 |
_2rdacarrier _avolumen _bnc |
||
| 490 | 0 | _aBiografías dominicanas Tobogán ; | |
| 500 | _aIncluye datos biográficos del autor en la contracubierta | ||
| 504 | _aBibliografía : p: 47 | ||
| 505 | 0 |
_tLas persistentes facetas de la colonia -- _tLa mujer en la historia -- _tLa mujer dominicana -- _tLa familia Sánchez -- _tLa larga vida de la heroína Febrerista -- _tConspiración contra el ministerio -- _tCamino al patíbulo -- _tBibliografía / |
|
| 590 | _aInventariado, 2018/ YL | ||
| 600 | 1 | 0 |
_aSánchez, María Trinidad, _d1794-1845 _946594 |
| 650 | 4 |
_aNacionalistas _zRepública Dominicana _984033 |
|
| 650 | 4 |
_aMujeres dominicanas _vBiografías _981319 |
|
| 700 | 1 |
_aMercader, José, _eilustrador _956560 |
|
| 910 | _aYL/Validado. Control de calidad MFF | ||
| 942 |
_2ddc _cLBS1 |
||
| 999 |
_c46156 _d46156 |
||